Scribe Planetae - Statistics

General Stats
  • This quiz has been taken 21 times
  • The average score is 7 of 8
Answer Stats
Planet % Correct
Iupiter
95%
Mars
95%
Uranus
90%
Venus
90%
Terra
86%
Saturnus
81%
Mercurius
71%
Neptunus
67%
No matching quizzes found
Score Distribution
Percent of People with Each Score
Percentile by Number Answered
Your Score History
You have not taken this quiz